Регионална библиотека "Любен Каравелов" - Русе

Обща теория на статистиката (Запис номер 5740)

MARC детайли
000 -Лидер
Контролно поле с фиксирана дължина 01724nam a2200337 c 4500
003 - Код на организацията, давaща контролен номер
Контролно поле BLK
005 - Дата и час на последна редакция
Контролно поле 20180420214014.0
008 - Елементи от данни с фиксирана дължина
fixed length control field 180412b bul|||||r ||||||| ||bul||
010 ## - Наследен системен номер
LC control number KNG00006942000
020 ## - Международен стандартен номер на книга ISBN
Международен стандартен номер на книга ISBN 954-598-033-8
-- издат.: Мартилен
040 ## - Източник на каталожния запис
Идентификатор на билиотеката - собственик на записа BLK
041 ## - Код за език
Код за езика на текст/звукозапис или на отделно заглавие Български
Код за езика КДБФ Български
080 ## - УДК
Текстов определител УДК Статистиката като наука. Теория на статистиката
УДК код - определител по УДК 311
УДК определител (075.32)
УДК - код + определител 311(075.32)
100 1# - Редна дума - Автор
Автор Стойкова-Къналиева, Андреана Станиславова
Авторска отговорност първи автор
R(LIN) 246065
139 ## - Редно поле
Редна дума Стойкова-Къналиева, Андреана Станиславова и др.
Авторски знак Стои - С 78
245 10 - Сведения за заглавието
Заглавие Обща теория на статистиката
Подзаглавни данни Учебник за икон. техникуми
Редно поле (дума) Андреана Станиславова Стойкова-Къналиева; съавт. Мита Дончева Георгиева.
250 ## - Област на изданието
Сведения за изданието 2. доп. изд.
257 ## - Страна на издаване
Страна на създаване/издаване България
260 ## - Област на издателските данни
-- София
Име на издателя, разпространителя и проч. Мартилен
Година на издаване 1995
300 ## - Физическа характеристика
Страници 207 с.
Илюстрации и др. със сх., табл., диагр.
Размери/Мащаб 22 см
380 ## - Жанр
Жанр Обществени науки
500 ## - Общи забележки
Забележка 1. изд. 1994 със загл. Учебник-записки по обща теория на статистиката от същите авт., изд. на М-во на науката и образованието ; 2 000 тир.
650 #4 - Допълнително описание по предмет – тема
Основно описание – тема или топоним Статистика - теория - учебници за техникуми
9 (RLIN) 246066
653 ## - Ключова дума – ненормативна
Ключова дума статистика
700 1# - Други автори (авторска отговорност)
Лично име Георгиева, Мита Дончева
Автороска отговорност (Описва отношението между автора и произведението) съавт.
9 (RLIN) 250488
852 ## - Местоположение
Форматна сигнатура Цб 182491
856 4# - Електронен адрес и достъп
Електронен формат pdf - файл
Път до файла /url/
856 4# - Електронен адрес и достъп
Електронен формат pdf - файл
Път до файла /url/
942 ## - АРТИКУЛИ
Вид на библиотечния материал Книги
Скрит в OPAC Не
944 ## - СЪЗДАВАНЕ И РЕДАКЦИЯ на ЗАПИСА
Създаване/Редакция Създаване
Дата на регистрацията/редакция 15.01.2003
Служител, извършил регистрацията/редакцията Грета_Цуфелде
944 ## - СЪЗДАВАНЕ И РЕДАКЦИЯ на ЗАПИСА
Създаване/Редакция Редакция
Дата на регистрацията/редакция 09.06.2014
Служител, извършил регистрацията/редакцията
999 ## - СИСТЕМНИ КОНТРОЛНИ НОМЕРА
Koha biblionumber 5740
Koha biblioitemnumber 5740
Наличности
Код за отписване Код за изгубен артикул Източник на класификационната схема Код за повреда Коз за рестрикции Код за отдаване Артикулен № Име на библиотеката - собственик Име на библиотеката, в която се намира в момента Статус (Текущо местоположение) Дата на вписване в системата Местоположение - отдел Цена в лева Инвентарен номер Систематично азбучна сигнатура Баркод Номер на екземпляра Цена в евро Служебна бележка Служебен тип на артикула
  Не е изгубен Universal Decimal Classification Не е повреден без рестрикции заемане за дома 10139 Регионална библиотека "Любен Каравелов" Русе Регионална библиотека "Любен Каравелов" Русе Заемна - подръчен фонд 2001-01-01 Заемна - подръчен фонд 2.16 627079 П 311/С 78 120000627079 1 1.10 Дата инв: 02.02.2018 Бележки инв: П2018 Книги
Изтеглен Не е изгубен Universal Decimal Classification Не е повреден без рестрикции заемане за дома 10140 Регионална библиотека "Любен Каравелов" Русе Регионална библиотека "Любен Каравелов" Русе Заемна - подръчен фонд 2001-01-01 Заемна - подръчен фонд 3.24 627080 П 311/С 78 120000627080 2 1.66 Дата инв: 02.02.2018 Бележки инв: П2018 Книги
  Не е изгубен Universal Decimal Classification Не е повреден без рестрикции ползва се в читалня 10141 Регионална библиотека "Любен Каравелов" Русе Регионална библиотека "Любен Каравелов" Русе Хранилище 1995-01-01 Хранилище 0.90 611854 Цб 182491 120000611854 3 0.46 N: стар фонд Дата: 01.01.1995 Дата инв: 28.11.2014 Бележки инв: Цб2014 Книги
Vip Innovations Ltd, Rousse, Bulgaria 2025